| 000 | 01382nam a22002537a 4500 | ||
|---|---|---|---|
| 999 |
_c58952 _d58952 |
||
| 003 | Ge_BSU | ||
| 005 | 20221024114129.0 | ||
| 008 | 221024s2002 ge ||||| |||| 00| 0 geo d | ||
| 020 | _a9992889390 | ||
| 041 | _ageo | ||
| 080 | _a316.3 თ-40 | ||
| 100 |
_aთევზაძე, გიგი _9750 |
||
| 245 |
_aინსტიტუციური ცვლილებების სოციოლოგია : _b[სახელმძღვ. სოციალ. მეცნიერებების მაგისტრანტებისათვის / _cრედ.: ლია კაჭარავა] ; ფონდი ღია საზოგადოება - საქართველო. |
||
| 264 |
_aთბილისი : _bმეცნიერება, _c2002. |
||
| 300 |
_a108 გვ. ; _b20 სმ. |
||
| 490 | _aსოციალურ მეცნიერებათა სერია | ||
| 520 | _aრეზ. ინგლ. ენ. | ||
| 653 | _aსოციალური ინსტიტუტები | ||
| 653 | _aსოციალური ცვლილებები | ||
| 653 | _aსოციალური სტრუქტურები | ||
| 653 | _aინსტიტუციური ცვლილებები. | ||
| 700 |
_aკაჭარავა, ლია _eredaqtori _915471 |
||
| 942 |
_2udc _cBK |
||